000 00872nas a2200301 4500
001 BR9505948
003 BR-BrBNA
005 20231205094214.0
007 ta
008 230509b bl.|||p| |||| 00| 00por d
040 _aBR-BrBNA
_bpor
_cBiblioteca Nacional de Agricultura
041 _a(En)
072 _aJ11
100 1 _aPinto, J.E.B.P.
100 1 _aPinto, C.A.B.P.
100 1 _aBarbosa, M.H.P.
100 1 _aInnecco, R.
100 1 _aDeschamps, C.
245 1 _aMonitoring potato tuber protein during storage using three analytical methods
650 _aBatata
650 _aTuberculo
650 _aProteina
650 _aArmazenamento
650 _aMetodo de Aplicacao
773 0 _tCiencia e Pratica (Brazil)
_xISSN 0100-3267
_g(Oct-Dec 1993), v. 17(4) p. 377-380
_wBR9505948
909 _a202311
_bLúcia
_c55
_dLúcia Elande
942 _2AGRIS
_n0
_cANA
999 _c142754
_d142754